[Event "Sants Open 2023"]
[Site "Chess.com"]
[Date "2023.08.23"]
[Round "6"]
[White "Mitusov, Semen"]
[Black "Amar, Elham (NORWAY)"]
[Result "0-1"]
[WhiteElo "2445"]
[BlackElo "2523"]
[Annotator "IM Sequera Paolini, Jose"]
[PlyCount "102"]
[EventDate "2023.??.??"]
[Source "Analyze This Pro"]
[TimeControl "40/5400+30:1800+30"]

1. e4 {[%emt 0:00:36]} c6 {[%emt 0:00:05] Repite la Carokann, defensa muy
jugada por varios de los más fuertes jóvenes catalanes} 2. d4 {[%emt 0:00:51]
} d5 {[%emt 0:00:05]} 3. e5 {[%emt 0:00:04]} c5 {[%emt 0:00:03]} 4. dxc5 {
[%emt 0:00:05]} e6 {[%emt 0:00:04]} 5. Bd3 {[%emt 0:01:10]} (5. a3 Bxc5 6. b4
Bb6 7. Qg4 Ne7 8. Nf3 (8. Qxg7 Rg8 9. Qxh7 Bd4) 8... Ng6 $13) 5... Nc6 {
[%emt 0:02:39]} 6. Nf3 {[%emt 0:09:52]} Bxc5 {[%emt 0:00:10]} 7. O-O {[%emt 0:
00:39] Sencillo, el desarrollo de ambos bandos continúa} Nge7 {[%emt 0:00:31]}
(7... f6 8. Qe2 Qc7 9. Bf4 g5 10. Bg3 g4 11. Nfd2 fxe5 12. c4 {Super complicado
}) 8. a3 {[%emt 0:00:55]} a5 {[%emt 0:00:10]} (8... Ng6 {es una variante que
puede ser muy explosiva} 9. b4 Be7 10. Re1 f6 (10... O-O 11. Nbd2) 11. Bxg6+
hxg6 12. Qd3 Kf7 13. Bb2 g5) 9. Re1 {[%emt 0:04:21]} (9. Qe2 Ng6 10. c4 d4)
9... Ng6 {[%emt 0:06:15]} 10. Be3 {[%emt 0:07:04]} Bxe3 {[%emt 0:09:25]} 11.
Rxe3 {[%emt 0:00:07]} O-O {[%emt 0:02:45]} 12. Bxg6 {[%emt 0:05:28]} (12. Nbd2
Nf4 13. Bf1 f6 14. exf6 gxf6) 12... fxg6 {[%emt 0:00:05]} 13. Nbd2 {[%emt 0:05:
23]} Bd7 {[%emt 0:08:29]} 14. c4 {[%emt 0:05:35]} Ne7 {[%emt 0:00:04]} 15. Rc1
{[%emt 0:11:41]} Bc6 {[%emt 0:12:13]} 16. Nd4 {[%emt 0:08:59]} Nf5 {[%emt 0:02:
34]} 17. Nxc6 {[%emt 0:01:47]} (17. Nxe6 Nxe3 18. fxe3 Qb6 19. Qb3 Qxb3 20.
Nxb3 Rf7 $19) 17... bxc6 {[%emt 0:01:18]} 18. Rd3 {[%emt 0:00:08]} Rb8 {
[%emt 0:04:54]} 19. b3 {[%emt 0:00:35]} Qe7 {[%emt 0:01:05]} 20. a4 {[%emt 0:
01:15]} Rf7 {[%emt 0:01:45]} 21. Nf3 {[%emt 0:01:01]} Rbf8 {[%emt 0:04:29]} 22.
Rc2 {[%emt 0:00:09]} h6 {[%emt 0:01:55]} 23. h3 {[%emt 0:00:19]} g5 {[%emt 0:
04:49]} 24. Qc1 {[%emt 0:02:15]} (24. Qd2 Qa7) 24... Nh4 {[%emt 0:01:25]} 25.
Nxh4 {[%emt 0:03:01]} gxh4 {[%emt 0:00:22]} 26. cxd5 {[%emt 0:01:05]} cxd5 {
[%emt 0:00:01]} 27. Qe1 {[%emt 0:00:33]} Qg5 {[%emt 0:00:53] [#]} 28. Qe3 $6 {
[%emt 0:02:46]} (28. Qxa5 Rxf2 (28... Qxe5 29. Re3 Qd6 30. Rce2 e5 $13) 29.
Rxf2 Qc1+ 30. Kh2 Rxf2 31. Qd8+ Kh7 32. Qxh4 Rf1 33. Qb4 Rh1+ 34. Kg3 Qg5+ 35.
Kf2 Ra1 $13) (28. Rd4 Rb7 29. Rg4 Qf5 30. Rb2 Rfb8 31. b4 axb4 32. Rgxb4 Rxb4
33. Rxb4 Rxb4 34. Qxb4 Qxe5 35. Qxh4 d4 36. a5 $11) 28... Qg6 {[%emt 0:00:35]}
29. Rdc3 {[%emt 0:08:45]} (29. Rcc3 Rxf2 30. Qxf2 Rxf2 31. Kxf2 Qf5+ $19) (29.
Rcd2 Rf5 30. Rd4 (30. Qd4 Rf4 31. Qc3 Rb4) 30... Rf3) 29... Rf3 {[%emt 0:04:55]
} 30. Qb6 {[%emt 0:00:33]} Kh7 {[%emt 0:04:57] [#]} 31. Qxa5 $4 {[%emt 0:03:43]
[#]} (31. Rxf3 Rxf3 32. Kf1 (32. Rc8 Rxh3 $19) 32... Rf5 33. Qxa5 (33. Re2 Rg5
34. f4 (34. f3 Qb1+ 35. Kf2 Qh1) 34... Qb1+ 35. Kf2 Rf5) 33... Rg5 34. f4 Rg3
35. Re2 Rxb3 36. Qd2 Ra3 {las negras tienen las mejores posibilidades}) 31...
Rxf2 {[%emt 0:02:10] El castillo blanco se derrumba} 32. Rxf2 {[%emt 0:00:06]}
Qb1+ {[%emt 0:00:03]} 33. Kh2 {[%emt 0:00:06]} Rxf2 {[%emt 0:00:03]} 34. Rf3 {
[%emt 0:05:34]} Rxf3 {[%emt 0:01:06]} 35. gxf3 {[%emt 0:00:02]} d4 {[%emt 0:05:
40]} 36. Qb4 {[%emt 0:02:12]} Qc2+ {[%emt 0:00:13]} 37. Kg1 {[%emt 0:00:10]}
Qc3 {[%emt 0:01:41]} 38. Qc4 {[%emt 0:04:31]} Qe3+ {[%emt 0:00:07]} 39. Kf1 {
[%emt 0:00:34]} Qxf3+ {[%emt 0:00:19]} 40. Ke1 {[%emt 0:00:00]} Qg3+ {[%emt 0:
00:00]} 41. Ke2 {[%emt 0:02:46]} Qe3+ {[%emt 0:03:55]} 42. Kd1 {[%emt 0:00:25]}
Qxh3 {[%emt 0:00:31]} 43. Qxd4 {[%emt 0:00:22]} Qf1+ {[%emt 0:02:00]} 44. Kd2 {
[%emt 0:00:14]} h3 {[%emt 0:00:40]} 45. Qe4+ {[%emt 0:00:21]} Qf5 {[%emt 0:00:
31]} 46. Qh1 {[%emt 0:00:09]} Qf2+ {[%emt 0:00:23]} 47. Kc3 {[%emt 0:00:29]}
Qg2 {[%emt 0:02:38]} 48. Qb1+ {[%emt 0:00:30]} Kg8 {[%emt 0:00:27]} 49. Qd3 {
[%emt 0:00:39]} Qc6+ {[%emt 0:00:11]} 50. Kb2 {[%emt 0:00:18]} h2 {[%emt 0:00:
16]} 51. Qd8+ {[%emt 0:00:05]} Kf7 {[%emt 0:00:18]} 0-1

[Event "Sants Open 2023"]
[Site "Chess.com"]
[Date "2023.08.24"]
[Round "7"]
[White "Amar, Elham (NORWAY)"]
[Black "Lamard, Guillaume"]
[Result "1-0"]
[WhiteElo "2523"]
[BlackElo "2526"]
[Annotator "IM Sequera Paolini, Jose"]
[PlyCount "75"]
[EventDate "2023.??.??"]
[Source "Analyze This Pro"]
[TimeControl "40/5400+30:1800+30"]

{[%evp 0,75,26,13,103,51,99,66,66,53,43,30,57,46,61,34,63,47,55,47,50,50,45,50,
37,38,42,34,61,39,108,102,87,66,153,155,136,74,112,146,133,103,99,103,104,118,
107,115,62,180,213,186,224,230,235,236,239,201,255,273,272,281,291,473,491,506,
506,527,800,547,716,955,968,1007,1029,1046,1046,608]} 1. e4 {[%emt 0:00:02]} c5
{[%emt 0:00:05]} 2. Nf3 {[%emt 0:00:16]} d6 {[%emt 0:00:03]} 3. Nc3 {[%emt 0:
01:38]} Nf6 {[%emt 0:00:18]} 4. d4 {[%emt 0:00:40]} cxd4 {[%emt 0:00:03]} 5.
Nxd4 {[%emt 0:00:05]} a6 {[%emt 0:00:03] El campeón se separa de 6.h3
practicado antes en este mismo torneo} 6. Bc4 {[%emt 0:02:30]} e6 {[%emt 0:00:
48]} 7. Bg5 {[%emt 0:00:21]} Qb6 {[%emt 0:15:04]} (7... Be7 8. O-O O-O (8... b5
9. Bb3 b4 10. Na4 Nxe4 11. Bxe7 Qxe7 12. Re1 d5 13. Nb6) 9. Re1) 8. Bb3 {
[%emt 0:08:28]} Bd7 {[%emt 0:08:39]} 9. O-O {[%emt 0:13:28]} (9. Be3 Qa5 10. f3
Nc6 11. g4 h6 12. Qd2 b5 13. a3) 9... Nc6 {[%emt 0:00:22]} 10. Be3 {[%emt 0:00:
30]} Qc7 {[%emt 0:00:28]} 11. f4 {[%emt 0:00:19]} Be7 {[%emt 0:03:36]} 12. f5 {
[%emt 0:02:57]} Nxd4 {[%emt 0:05:50]} 13. Bxd4 {[%emt 0:01:27]} b5 {[%emt 0:08:
39]} 14. fxe6 {[%emt 0:08:10]} Bxe6 {[%emt 0:03:48]} (14... fxe6 15. a4 b4 (
15... O-O 16. axb5 axb5 17. Rxa8 Rxa8 18. Qd3 b4 19. Nd5 $16) 16. Ne2 Qb7 17.
a5 Qxe4 18. Nf4 e5 19. Bb6 exf4 20. Re1 Qc6 21. Qe2) 15. Qd3 {[%emt 0:17:38]}
O-O {[%emt 0:02:05]} 16. Rae1 {[%emt 0:02:55]} Rad8 {[%emt 0:05:38]} 17. Nd5 {
[%emt 0:03:13]} Bxd5 {[%emt 0:00:30]} 18. Bxd5 {[%emt 0:00:42] [#]} Nd7 $2 {
[%emt 0:09:44] El visir en d5 es ahora en extremo poderoso} (18... Nxd5 19.
exd5 Rde8 20. Qg3 g6 21. c3 Bd8 22. Qf4 $14) 19. Qg3 {[%emt 0:00:22]} Ne5 {
[%emt 0:00:16]} 20. Re2 {[%emt 0:02:54]} Kh8 {[%emt 0:03:14]} 21. c3 {[%emt 0:
05:13]} Bf6 {[%emt 0:00:55]} 22. Ref2 {[%emt 0:00:56] Se avecina un desastre
sobre el castillo negro} Qe7 {[%emt 0:00:13]} 23. Rf5 {[%emt 0:02:40]} Nd7 {
[%emt 0:12:50]} (23... Rde8 24. b4 Rd8 25. Rh5) 24. Rxf6 {[%emt 0:03:11]} gxf6
{[%emt 0:00:45]} 25. Rxf6 {[%emt 0:00:43]} Qxf6 {[%emt 0:01:09]} 26. Qxd6 {
[%emt 0:00:54]} Qxd4+ {[%emt 0:00:22]} 27. cxd4 {[%emt 0:00:01]} f5 {[%emt 0:
00:45]} 28. Be6 {[%emt 0:02:32]} Nf6 {[%emt 0:00:23]} 29. Qe5 {[%emt 0:00:01]}
fxe4 {[%emt 0:00:54]} 30. g4 {[%emt 0:00:04]} h6 {[%emt 0:03:23]} 31. h4 {
[%emt 0:00:05]} Kh7 {[%emt 0:00:13]} 32. g5 {[%emt 0:00:20]} hxg5 {[%emt 0:00:
16]} 33. hxg5 {[%emt 0:00:02]} Kg7 {[%emt 0:02:32]} 34. d5 {[%emt 0:00:53]} e3
{[%emt 0:00:09]} 35. gxf6+ {[%emt 0:00:23]} Rxf6 {[%emt 0:00:04]} 36. Qc7+ {
[%emt 0:00:27]} Kg6 {[%emt 0:00:10]} 37. Qxd8 {[%emt 0:00:03]} e2 {[%emt 0:00:
10]} 38. Qxf6+ {[%emt 0:00:01]} 1-0

[Event "Sants Open 2023"]
[Site "Chess.com"]
[Date "2023.08.25"]
[Round "8"]
[White "Jacobson, Brandon"]
[Black "Amar, Elham (NORWAY)"]
[Result "1/2-1/2"]
[WhiteElo "2537"]
[BlackElo "2523"]
[Annotator "IM Sequera Paolini, Jose"]
[PlyCount "59"]
[EventDate "2023.??.??"]
[Source "Analyze This Pro"]
[TimeControl "40/5400+30:1800+30"]

{[%evp 0,59,19,-12,-6,-38,-14,-21,-17,-8,-15,-15,-5,-44,-22,-3,29,7,19,-4,11,
-11,6,3,14,28,28,5,18,19,47,47,47,54,12,0,0,0,13,17,22,21,34,38,39,39,33,41,70,
46,36,19,19,19,19,19,19,0,15,0,0,0]} 1. c4 {[%emt 0:05:32]} e6 {[%emt 0:00:04]}
2. g3 {[%emt 0:00:36]} d5 {[%emt 0:00:03]} 3. Bg2 {[%emt 0:00:06]} dxc4 {
[%emt 0:00:15]} 4. Qa4+ {[%emt 0:00:16]} Nd7 {[%emt 0:00:05]} 5. Qxc4 {[%emt 0:
00:46]} a6 {[%emt 0:00:11]} 6. Qb3 {[%emt 0:02:01]} ({También puede ser} 6.
Qc2 Ngf6 7. d4 c5 8. Nf3 b5 9. Ne5 Nd5 $13) 6... Ngf6 {[%emt 0:13:47]} 7. Nf3 {
[%emt 0:00:49]} c5 {[%emt 0:00:43]} 8. a4 {[%emt 0:04:51]} (8. d4 cxd4 9. Nxd4
Nc5 10. Qe3 Nd5) 8... Rb8 {[%emt 0:19:50]} 9. d3 {[%emt 0:01:10]} Bd6 {[%emt 0:
02:19]} 10. a5 {[%emt 0:00:07]} O-O {[%emt 0:02:26]} 11. O-O {[%emt 0:00:48]}
b5 {[%emt 0:00:25]} 12. axb6 {[%emt 0:00:06]} Nxb6 {[%emt 0:00:24] las negras
ya casi resuelven por completo la actividad de todas sus piezas, más aún la
dama blanca está expuesta.} 13. Nc3 {[%emt 0:02:24]} Bb7 {[%emt 0:06:38] la
pieza que faltaba. Aunque, de momento, obstruye a la torre y por otro lado el
peón de a6 depende de esta pieza} (13... Qc7 14. Bg5 Nbd5 15. Qc2 h6 $11) 14.
Bg5 {[%emt 0:12:36] [#]} c4 $5 {[%emt 0:09:28] sacrificio temporal de un peón
que lleva a una simplificación casi forzada} (14... Nbd5 {dejaba más la
lucha abierta} 15. Nd2 Ne3) 15. dxc4 {[%emt 0:04:50]} Qc7 {[%emt 0:00:03]} 16.
Bxf6 {[%emt 0:09:22]} gxf6 {[%emt 0:11:34]} 17. Nd2 {[%emt 0:00:43] ya luego
de esto todo se simplifica} Bxg2 {[%emt 0:00:04]} 18. Kxg2 {[%emt 0:00:03]}
Rfc8 {[%emt 0:00:07]} 19. Rfc1 {[%emt 0:25:20]} ({algunas opciones como} 19.
Nce4 {podrían complicar las cosas de manera siempre favorable para las negras,
que tienen las piezas mejor dispuestas} Be5 20. f4 (20. Rac1 f5 21. Ng5 Nd7) (
20. Rfc1 f5) 20... Bd4 21. Qd3 Rd8) 19... Nxc4 {[%emt 0:08:40]} 20. Qxc4 {
[%emt 0:00:07]} Qxc4 {[%emt 0:00:04]} 21. Nxc4 {[%emt 0:00:03]} Rxc4 {[%emt 0:
00:04]} 22. Rxa6 {[%emt 0:14:48]} Be5 {[%emt 0:00:13]} 23. Rc2 {[%emt 0:00:07]}
Bxc3 {[%emt 0:02:07]} 24. bxc3 {[%emt 0:00:13]} (24. Rxc3 Rcb4 25. Ra7 Rxb2 26.
Rcc7 Rf8 $11) 24... Rb3 {[%emt 0:00:04]} 25. Ra8+ {[%emt 0:00:24]} Kg7 {
[%emt 0:00:01]} 26. Rd2 {[%emt 0:00:05]} Rbxc3 {[%emt 0:00:14]} 27. Rdd8 {
[%emt 0:00:05]} f5 {[%emt 0:03:13]} 28. Rg8+ {[%emt 0:00:12]} Kf6 {[%emt 0:00:
47]} 29. Rh8 {[%emt 0:03:06]} Rc2 {[%emt 0:00:24]} 30. e3 {[%emt 0:02:46]}
1/2-1/2

[Event "Sants Open 2023"]
[Site "Chess.com"]
[Date "2023.08.26"]
[Round "9"]
[White "Amar, Elham (NORWAY)"]
[Black "Alsina Leal, Daniel"]
[Result "1-0"]
[WhiteElo "2523"]
[BlackElo "2538"]
[Annotator "IM Sequera Paolini, Jose"]
[PlyCount "79"]
[EventDate "2023.??.??"]
[Source "Analyze This Pro"]
[TimeControl "40/5400+30:1800+30"]

1. e4 {[%emt 0:00:01]} c5 {[%emt 0:03:00]} 2. Nf3 {[%emt 0:00:06]} Nc6 {
[%emt 0:00:23]} 3. d4 {[%emt 0:00:04]} cxd4 {[%emt 0:00:44]} 4. Nxd4 {[%emt 0:
00:04]} g6 {[%emt 0:02:26] En este viaje por las partidas del Campeón de
Sants 2023, nos toca enfrentar esta vez al Dragón acelerado del GM local
Daniel Alsina} 5. Nc3 {[%emt 0:00:09]} Bg7 {[%emt 0:00:25]} 6. Be3 {[%emt 0:00:
03]} Nf6 {[%emt 0:00:20]} 7. Bc4 {[%emt 0:00:06]} O-O {[%emt 0:00:44] Se
amenaza ahora ...Cxe4} 8. Bb3 {[%emt 0:00:05]} Re8 {[%emt 0:00:43]} (8... d5 {
Es muy interesante!}) (8... d6 9. f3) 9. f3 {[%emt 0:00:05]} ({Una idea
también es} 9. f4 d6 10. Qf3 Bd7 (10... Ng4 11. Nxc6 bxc6 12. Bd2) 11. O-O Ng4
12. Nxc6 bxc6 13. Bd2 d5 14. f5 {con juego vivo! Nakamura - Dubov 2020}) 9...
e6 {[%emt 0:00:20]} 10. f4 {[%emt 0:00:03] [#]} Nd5 $5 {[%emt 0:00:39] las
negras buscan complicaciones} ({Ahora} 10... Ng4 {conlleva a ganancias de
tiempos para las blancas en el ataque al flanco de rey, ya que el alfil de c8
no observa directamente la casilla g4} 11. Qxg4 Nxd4 12. O-O-O Nxb3+ 13. axb3
d5 14. e5 Bd7 15. h4 h5 16. Qf3 a5 17. g4 $40) 11. exd5 {[%emt 0:03:13]} exd5 {
[%emt 0:00:28]} 12. O-O {[%emt 0:00:06] se devuelve la pieza sin oponer
ninguna resistencia y se pasa a una posición donde las negras tienen muy mala
estructura que intentarán justificar jugando de manerea dinámica} (12. Nxc6
$4 dxc6 $19 {[%cal Rd5d4]}) 12... Rxe3 {[%emt 0:00:15]} 13. Ndb5 {[%emt 0:00:
12]} d4 {[%emt 0:00:21]} 14. Nd5 {[%emt 0:02:00]} Rxb3 {[%emt 0:00:13] no hay
nada mejor} (14... Re4 15. Qd3 Re6 16. f5) (14... Re6 15. f5 ({Sería un error
ir a buscar una pequeña ventaja material, inexistente además, ya que} 15.
Nbc7 Rb8 16. Nxe6 dxe6 {el caballo blanco está atrapado}) 15... gxf5 16. Rxf5
{las blancas tendrían muchas posibilidades abiertas}) 15. axb3 {[%emt 0:00:50]
} d6 {[%emt 0:00:29]} 16. Re1 {[%emt 0:13:01]} Rb8 {[%emt 0:01:23]} 17. c3 {
[%emt 0:27:22]} dxc3 {[%emt 0:02:45] [#]} (17... Be6 18. Nbc7) 18. Ndxc3 {
[%emt 0:11:34]} ({Veamos} 18. bxc3 a6 19. Nbc7 (19. Nd4 $4 Nxd4 20. cxd4 Be6
21. Ne3 Qb6 {y son las negras las que están mejor}) 19... Bd7 20. b4 Rc8 21.
b5 Rxc7 (21... Nb8 $4 22. Ne7+) 22. Nxc7 Qxc7 23. bxc6 Bxc6 {Vencer a este par
de alfiles será una tarea practicamente imposible}) (18. Nbxc3 Be6 19. Qd3 $14
) 18... Be6 {[%emt 0:10:28]} ({también muy interesante es} 18... a6 19. Qxd6 (
19. Nxd6 $4 Bd4+) 19... Bf5 20. Qxd8+ Rxd8 21. Nc7 Kf8 22. Rad1 Bd4+ 23. Kh1
Rd7 {complicado}) 19. Qxd6 {[%emt 0:04:37]} Qxd6 {[%emt 0:18:53]} 20. Nxd6 {
[%emt 0:00:06] [#]} a6 $6 {[%emt 0:16:23] por razones tácticas, no es
necesario la defensa de este peón} (20... Nd4 21. Rad1 (21. Rxa7 Nf3+ 22. gxf3
Bd4+ 23. Kg2 Bxa7) 21... a5 22. Nc4 Nxb3 $13) 21. Nc4 {[%emt 0:09:33] [#]} (21.
Rad1 Bxb3 22. Rd2 {Posición incierta}) 21... Nd4 $6 {[%emt 0:01:40]} ({
Es una posición muy instructiva. Las negras con calidad de menos deben buscar,
no tanto ganar algún peón, sino evitar que las piezas blancas se sitúen con
comodidad. En este sentido la jugada dinámica} 21... b5 $1 22. Ne5 ({si} 22.
Rxa6 Bxc3 23. bxc3 bxc4 24. Rxc6 cxb3 $11) (22. Na5 Nxa5 23. Rxa5 Bxb3 24. Rxa6
Bd4+ 25. Kh1 b4 {las negras practicamente no tienen problemas}) (22. Nd6 b4 23.
Nce4 a5 $13) 22... Nxe5 23. fxe5 b4 24. Nd1 Rb5 25. Rxa6 Bxe5 $13) 22. Rad1 {
[%emt 0:01:05]} Nxb3 {[%emt 0:03:47]} 23. Ne5 {[%emt 0:00:27]} Rc8 {[%emt 0:07:
57]} 24. Ne4 {[%emt 0:04:14]} h6 $2 {[%emt 0:10:29] Las negras necesitan
despejar la el peligro sobre la última fila, pero se deja un tema táctico}
25. Nxg6 {[%emt 0:06:27]} Kh7 {[%emt 0:09:21]} 26. f5 {[%emt 0:02:18]} Bxf5 {
[%emt 0:03:58]} 27. Ne7 {[%emt 0:00:05]} Bxe4 {[%emt 0:01:18]} 28. Nxc8 {
[%emt 0:00:10]} Bg6 {[%emt 0:00:44]} 29. Ne7 {[%emt 0:00:46]} Bc2 {[%emt 0:01:
03]} 30. Rd7 {[%emt 0:00:48]} Bxb2 {[%emt 0:02:16]} 31. Re2 {[%emt 0:04:26]}
Bd4+ {[%emt 0:01:18]} 32. Rxd4 {[%emt 0:00:38]} Nxd4 {[%emt 0:00:08]} 33. Rd2 {
[%emt 0:00:02]} a5 {[%emt 0:01:04]} 34. Rxd4 {[%emt 0:00:09]} a4 {[%emt 0:00:
26]} 35. Nd5 {[%emt 0:00:17]} a3 {[%emt 0:00:30]} 36. Nb4 {[%emt 0:00:03]} Bb3
{[%emt 0:00:26]} 37. Rd8 {[%emt 0:00:28]} b5 {[%emt 0:00:36]} 38. Ra8 {[%emt 0:
00:55]} Ba4 {[%emt 0:00:14]} 39. Re8 {[%emt 0:00:14]} Bb3 {[%emt 0:00:38]} 40.
Re1 {[%emt 0:00:00]} 1-0